Missing Word: Female TV Characters A-Z Quiz Stats

Quiz Updated Feb 29, 2016

Challenge
Share
Tweet
Embed
Score 0/26 Timer 03:00
0 Plays Today
Hint Answer % Correct
____ McBealAlly
95.4%
____ MontanaHannah
93.8%
Poison ____Ivy
89.5%
____ SimpsonLisa
89.3%
____ Warrior PrincessXena
89.2%
Wilma ____Flintstone
87.4%
____ BradshawCarrie
86.2%
____ MarsVeronica
84.9%
____ JetsonJane
81.2%
____ BunkerEdith
65.9%
____ ScullyDana
60.3%
____ GriffinMeg
58.2%
Harley ____Quinn
56.6%
Hint Answer % Correct
Rory ____Gilmore
49.5%
Elaine ____Benes
49%
____ PopeOlivia
47.6%
____ StackhouseSookie
41.6%
____ ScherbatskyRobin
40.9%
Dr. Cristina ____Yang
31.4%
____ BotwinNancy
31.2%
Leslie ____Knope
29.1%
____ SpellmanZelda
26.3%
Angelica ____Pickles
25.8%
Claire ____Underwood
23.8%
Serena van der ____Woodsen
13.7%
Eliza ____Thornberry
11.1%

Today's Daily Dose

Word Ladder
'90s Movies

Quick Pick
'Fire' Movies

On This Day
June 19th II

You're not logged in!

Compare scores with friends on all Sporcle quizzes.
Join for Free
OR
Log In

You Might Also Like...

Show Comments

Extras

Top Quizzes Today


Score Distribution

Your Account Isn't Verified!

In order to create a playlist on Sporcle, you need to verify the email address you used during registration. Go to your Sporcle Settings to finish the process.

Report this User

Report this user for behavior that violates our Community Guidelines.

Details: